L'enquete participation : methodologie de l'amenagement.

Guardado en:
Detalles Bibliográficos
Autor principal: Caillot, Robert (autor)
Formato: Libro
Idioma:Francés
Colección:(Initiation sociologique)
Temas:
Etiquetas: Agrega una etiqueta
Sin etiquetas, Sé el primero en etiquetar este registro!

MARC

LEADER 00000cam^a2200000uu^4500
001 000485275
005 20250521000000.0
008 032008s1972^^^^^^^^^^^^rc^r^^000^0^fre^d
009 20260310125154.965
035 |a FCE 000028344 
035 |a FCE 025731 
037 |a Acervo ITESO - Biblioteca 
041 |a FRA 
082 0 4 |a 301.072  |b CAIe 
100 |a Caillot, Robert  |e (autor) 
245 1 0 |a L'enquete participation :  |b methodologie de l'amenagement. 
264 |a Paris :  |b Economie et humanisme les editions ouvrieres,  |c 1972. 
300 |a 236 p. 
336 |a texto  |b txt  |2 rdacontenido 
337 |a sin mediación  |b n  |2 rdamedio 
338 |a volumen  |b nc  |2 rdasoporte 
440 0 |a (Initiation sociologique) 
649 |a XX 
650 |a Investigación-acción 
650 |a Economía 
650 |a Metodología de la investigación 
650 |a Investigación social 
650 |a Encuestas 
650 |a Participación 
650 |a Humanidades 
650 |a Francia 
910 |a Fondo Centro de Estudios Educativos 
920 |a Impresos - Libros 
930 |a Fondos Especiales 
905 |a 133 
901 |a ALE025731  |b IT2  |c CEE  |u 20250521 
902 |a https://opac.biblio.iteso.mx/vufind/Record/000485275